000 00256nam a22001217a 4500
008 181030b xxu||||| |||| 00| 0 eng d
041 _aeng
080 _a338.5
100 _a57
101 _aQMI
245 _aPrice Terminals
_cGary.P
942 _2udc
_cBK
999 _c51178
_d51178